| 000 | 01478cam a22003977a 4500 | ||
|---|---|---|---|
| 003 | CHAP | ||
| 005 | 20220817043848.0 | ||
| 008 | 000817d2000 mx r 00110 eng d | ||
| 010 | _a86399 | ||
| 011 | _a87371 | ||
| 020 | _a9706480811 | ||
| 035 | _a97914 | ||
| 040 | _cCHAP | ||
| 090 | _aFolleto 16492 | ||
| 100 | 0 | 0 |
_aWhite, Jeffrey W. _eed. _9121695 |
| 245 | 1 | 0 |
_aDirections in modeling wheat and maize for developing countries : _bproceedings _c/ed. by Jeffrey W. White and Peter R. Grace |
| 260 |
_aMéxico, D.F. : _bCentro Internacional de Mejoramiento de Maiz y Trigo, _c2001. |
||
| 300 |
_a42 p. : _bilus. ; mapas |
||
| 410 | _aCentro Internacional de Mejoramiento de Maíz y Trigo | ||
| 490 | 0 | _aGeographic information systems. Series 01-02 | |
| 590 |
_aBATCH-UPD _b10 _c20130110 _lUCH01 _h0647 |
||
| 590 |
_aBATCH-UPD _b10 _c20130110 _lUCH01 _h2346 |
||
| 590 |
_aBATCH-UPD _b10 _c20130410 _lUCH01 _h0332 |
||
| 590 |
_aBATCH-UPD _b10 _c20130914 _lUCH01 _h1538 |
||
| 590 |
_aCONVERSION _b10 _c20130109 _lUCH01 _h1348 |
||
| 650 | 1 | 4 |
_aMaíz. _970848 |
| 650 | 1 | 4 |
_aPaíses subdesarrollados. _985149 |
| 650 | 1 | 4 |
_aTrigo. _9114954 |
| 700 | 0 |
_aGrace, Peter R. _eed. _950162 |
|
| 810 | _aCentro Internacional de Mejoramiento de Maíz y Trigo | ||
| 830 | 0 | 0 |
_aGeographic information systems. Series 01-02 _947598 |
| 901 | _aBK | ||
| 942 | _cFOLL | ||
| 949 |
_aFolleto 16492 _bBC _cFOLL _d979141 _eTS1 _i97914 _sb |
||
| 949 |
_aFolleto 16492 _bBC _cFOLL _d979142 _eTS2 _fc.2 _i97914 _sb |
||
| 999 |
_c86399 _d86399 |
||